Continuum regression: cross-validated sequentially constructed prediction embracing ordinary least squares, partial least squares and principal components regression.

Otázka konštrukcie regresorov, používaných pri výpočte multiplikatívnej regresie metódou najmenších štvorcov. Poukaz na to, že metóda najmenších štvorcov a metóda hlavných komponentov ležia na dvoch koncoch kontinuálneho spektra.

Enregistré dans:
Détails bibliographiques
Auteur principal: Stone, M.
Autres auteurs: Brooks, R.J
Format: Chapitre de livre
Langue:anglais
Sujets:
Tags: Ajouter un tag
Pas de tags, Soyez le premier à ajouter un tag!

MARC

LEADER 00000naa a2200000 4500
001 r006178
005 20220819193757.5
041 0 |a eng 
044 |a GB 
245 1 0 |a Continuum regression: cross-validated sequentially constructed prediction embracing ordinary least squares, partial least squares and principal components regression.  |c M. Stone, R.J. Brooks 
520 |a Otázka konštrukcie regresorov, používaných pri výpočte multiplikatívnej regresie metódou najmenších štvorcov. Poukaz na to, že metóda najmenších štvorcov a metóda hlavných komponentov ležia na dvoch koncoch kontinuálneho spektra. 
610 2 0 |a regresia 
610 2 0 |a metódy matematické 
610 2 0 |a metódy matematicko-štatistické 
610 2 0 |a metóda štvorcov najmenších 
100 1 |a Stone, M. 
700 1 |a Brooks, R.J.